On This Day: June 13th II Quiz Stats

 Plays Quiz Updated Jun 13, 2018

Score 0/7 Timer 03:00
0 Plays Today
Question Answer Wrong Answers
Prince Fahd becomes king of this nation upon the death of his brother, Khalid.
1982
Saudi Arabia
84%
Libya
2.9%
Morocco
8.2%
Iraq
4.1%
‘Jagged Little Pill’, the 3rd studio album by this singer-songwriter, is released, eventually winning a Grammy for Album of the Year.
1995
Alanis Morissette
80.2%
Shania Twain
6.3%
Sheryl Crow
10.1%
Fiona Apple
2%
In a jersey retirement ceremony, this former player makes his final appearance at Yankee Stadium, ‘The House That He Built’.
1948
Babe Ruth
79.4%
Lou Gehrig
7.7%
Joe DiMaggio
9.3%
Mickey Mantle
3.1%
______ Territory is formed, the smallest and westernmost of Canada's three federal territories.
1898
Yukon
65.3%
Nunavut
16.2%
Nova Scotia
11.9%
Alberta
6.3%
This Irish poet, playwright, and Nobel Prize laureate, one of the foremost figures of 20th-century literature, is born.
1865
W. B. Yeats
52.3%
John Keats
30.3%
Seamus Heaney
6.9%
William Wordsworth
10.4%
Pioneer 10 passes beyond the orbit of ______, becoming the first man-made object to leave the proximity of the major Solar System planets.
1983
Neptune
51.2%
Saturn
10.4%
Jupiter
14%
Uranus
23.1%
The United States House of Representatives passes this Amendment, which addresses many aspects of citizenship and the rights of citizens.
1866
14th
50.8%
12th
20.7%
16th
17.1%
18th
11.2%

You're not logged in!

Compare scores with friends on all Sporcle quizzes.
OR
Log In

Sporcle TV

Today on Sporcle TV


Watch our educational content, quiz creation guides, and fun videos on Sporcle TV.

Show Comments

Extras

Top Quizzes Today


Score Distribution

Your Account Isn't Verified!

In order to create a playlist on Sporcle, you need to verify the email address you used during registration. Go to your Sporcle Settings to finish the process.

Report this User

Report this user for behavior that violates our Community Guidelines.

Details: